Normal view
MARC view
Entry Personal Name
001 - CONTROL NUMBER
- control field: 9817
003 - CONTROL NUMBER IDENTIFIER
- control field: BD-RjUL
005 - DATE AND TIME OF LATEST TRANSACTION
- control field: 20231031152156.0
008 - FIXED-LENGTH DATA ELEMENTS
- fixed length control field: 231031|| aca||aabn | a|a d
040 ## - CATALOGING SOURCE
- Original cataloging agency: BD-RjUL
- Transcribing agency: BD-RjUL
100 ## - HEADING--PERSONAL NAME
- Personal name: Gangwar, B
670 ## - SOURCE DATA FOUND
- Source citation: Work cat.: (BD-RjUL)82216: Katyal, Vijay 9813, Statistical Methods For Agricultural Field Experiments / , 2011